000
00284nam a22001337a 4500
008
181107b xxu||||| |||| 00| 0 eng d
020
_a
9781413030525
041
_a
eng
080
_a
371
100
_a
46
101
_a
EDU
245
_a
Get Connected
_c
Dillon, A.G
942
_2
udc
_c
BK
999
_c
52173
_d
52173